LEADER 01851nam 22005534a 450 001 9910456254803321 005 20200520144314.0 010 $a0-313-01178-8 035 $a(CKB)111087028192268 035 $a(OCoLC)70720880 035 $a(CaPaEBR)ebrary10023341 035 $a(SSID)ssj0000223564 035 $a(PQKBManifestationID)11190480 035 $a(PQKBTitleCode)TC0000223564 035 $a(PQKBWorkID)10201437 035 $a(PQKB)11790407 035 $a(MiAaPQ)EBC3000866 035 $a(Au-PeEL)EBL3000866 035 $a(CaPaEBR)ebr10023341 035 $a(OCoLC)929145160 035 $a(EXLCZ)99111087028192268 100 $a20011130d2002 uy 0 101 0 $aeng 135 $aurcn||||||||| 181 $ctxt 182 $cc 183 $acr 200 14$aThe political economy of work in the 21st century$b[electronic resource] $eimplications for an aging American workforce /$fMartin Sicker 210 $aWestport, Conn. $cQuorum Books$d2002 215 $a1 online resource (223 p.) 300 $aBibliographic Level Mode of Issuance: Monograph 311 $a1-56720-566-6 320 $aIncludes bibliographical references (p. [195]-203) and index. 606 $aOlder people$xGovernment policy$zUnited States 606 $aAging$xEconomic aspects$zUnited States 606 $aAge distribution (Demography)$xEconomic aspects$zUnited States 608 $aElectronic books. 615 0$aOlder people$xGovernment policy 615 0$aAging$xEconomic aspects 615 0$aAge distribution (Demography)$xEconomic aspects 676 $a362.6/0973 700 $aSicker$b Martin$0296234 801 0$bMiAaPQ 801 1$bMiAaPQ 801 2$bMiAaPQ 906 $aBOOK 912 $a9910456254803321 996 $aThe political economy of work in the 21st century$92148290 997 $aUNINA LEADER 03251nam 22006735 450 001 9910254802503321 005 20250311150759.0 010 $a9783319559292 010 $a331955929X 024 7 $a10.1007/978-3-319-55929-2 035 $a(CKB)3710000001418525 035 $a(MiAaPQ)EBC4894555 035 $a(DE-He213)978-3-319-55929-2 035 $a(Perlego)3496773 035 $a(EXLCZ)993710000001418525 100 $a20170630d2017 u| 0 101 0 $aeng 135 $aurcnu|||||||| 181 $2rdacontent 182 $2rdamedia 183 $2rdacarrier 200 10$aEmotions and The Body in Buddhist Contemplative Practice and Mindfulness-Based Therapy $ePathways of Somatic Intelligence /$fby Padmasiri de Silva 205 $a1st ed. 2017. 210 1$aCham :$cSpringer Nature Switzerland :$cImprint: Palgrave Macmillan,$d2017. 215 $a1 online resource (144 pages) 225 1 $aPalgrave Pivot 311 08$a9783319559285 311 08$a3319559281 320 $aIncludes bibliographical references and indexes. 330 $aThis book represents an outstanding contribution to the field of somatic psychology. It focuses on the relationship between body and emotions, and on the linkages between mindfulness-based emotion studies and neuroscience. The author discusses the awakening of somatic intelligence as a journey through pain and trauma management, the moral dimensions of somatic passions, and the art and practice of embodied mindfulness. Issues such as the emotions and the body in relation to Buddhist contemplative practice, against the background of the most recent findings of current neuroscience, are expanded in the book. A broad review of the Darwinian-Jamesian heritage on emotion studies is a unique contribution to the tradition of the somatogenic strands of emotions, and provides a contrasting focus to the ideogenic emotions in Sigmund Freud. This work provides an invaluable resource for students of psychology and philosophy, psychotherapists and meditation teachers, students, and for anyone with an interest in the field of somatic psychology. 410 0$aPalgrave pivot. 606 $aCounseling 606 $aSocial sciences 606 $aHumanities 606 $aNeuropsychology 606 $aPhilosophy of mind 606 $aPsychology and religion 606 $aCounseling Psychology 606 $aHumanities and Social Sciences 606 $aNeuropsychology 606 $aPhilosophy of Mind 606 $aPsychology of Religion and Spirituality 615 0$aCounseling. 615 0$aSocial sciences. 615 0$aHumanities. 615 0$aNeuropsychology. 615 0$aPhilosophy of mind. 615 0$aPsychology and religion. 615 14$aCounseling Psychology. 615 24$aHumanities and Social Sciences. 615 24$aNeuropsychology. 615 24$aPhilosophy of Mind. 615 24$aPsychology of Religion and Spirituality. 676 $a294.3422 700 $ade Silva$b Padmasiri$4aut$4http://id.loc.gov/vocabulary/relators/aut$0766455 906 $aBOOK 912 $a9910254802503321 996 $aEmotions and The Body in Buddhist Contemplative Practice and Mindfulness-Based Therapy$91561748 997 $aUNINA